000 00768nam a2200241 4500
003 OSt
005 20240730062438.0
006 a
008 240730b |||||||| |||| 00| 0 eng d
020 _a978047055472
040 _aDWCL-Main lib.
_cOC
082 _2First edition
_aCirc. 371.3 L572t 2010
100 _aLemov, Doug
245 _aTeach like a champion : 49 techniques that put students on the path to college /
250 _aFirst edition
260 _aSan Francisco, Calf. :
_bJossey-Bass,
_cc2010.
300 _axix,
_b332 p. : ill. ;
_c24 cm.
504 _aIncludes index.
650 _a1. Effective teaching.
650 _a2. Academic achievement.
650 _a3. College preparation program.
942 _2ddc
_n0
_cBK-CIRC
_eFirst edition
_kCirc.
999 _c2967
_d2967